| 000 | 00000nam##2200000za#4500 |
| 001 | 9.592485 |
| 003 | CaOODSP |
| 005 | 20211027154626 |
| 007 | cr ||||||||||| |
| 008 | 150406|2005||||xxc|||||o f|0| 0 fre|d |
| 040 | |aCaOODSP|bfre |
| 043 | |an-cn--- |
| 086 | 1 |aYM32-3/381-502F-PDF |
| 245 | 03|aLe projet de Loi C-38 : |h[ressource électronique]|bLoi sur le mariage civil / |c[par] Mary C. Hurley. |
| 260 | |bBibliothèque du Parlement. |cLe 29 juin 2005. |
| 300 | |a22p. |
| 490 | 1 |aRésumé législatif|vLS-502F |
| 590 | |a05-01-Supp|b2005-09-16 |
| 710 | 1 |aCanada.|bBibliothèque du Parlement. |bDirection de la recherche parlementaire. |
| 775 | 08|tBill C-38 : |w(CaOODSP)9.559762 |
| 830 | #0|aRésumé législatif (Canada. Service d'information et de recherche parlementaires)|vLS-502F|w(CaOODSP)9.501179 |
| 856 | 40|ahttp://publications.gc.ca|qPDF|s108 Ko|uhttps://publications.gc.ca/collections/Collection-R/LoPBdP/LS/381/381-502F.pdf|yLS-502F |